Economic Calculation in the Socialist Society

Salvato in:
Dettagli Bibliografici
Autore principale: Hoff, Trygve J.B
Natura: Libro
Lingua:inglese
Pubblicazione: Indianapolis Liberty Press 1981
Edizione:1. ed.
Soggetti:
Tags: Aggiungi Tag
Nessun Tag, puoi essere il primo ad aggiungerne!!

MARC

LEADER 00000nam a2200000 4500
001 c003020
005 20221220103152.7
020 |a 0-913966-94-0 
041 0 |a eng 
044 |a US 
245 1 0 |a Economic Calculation in the Socialist Society  |c Trygve J.B. Hoff 
250 |a 1. ed. 
264 1 |a Indianapolis  |b Liberty Press  |c 1981 
300 |a 405 s. 
610 2 0 |a kalkulácia 
610 2 0 |a spoločnosť socialistická 
610 2 0 |a úrok 
610 2 0 |a nájomné 
610 2 0 |a ceny 
610 2 0 |a náklady výrobné 
610 2 0 |a zisk 
610 2 0 |a riziko 
610 2 0 |a rezervy 
610 2 0 |a konkurencia 
100 1 |a Hoff, Trygve J.B.